Sociedades de capital: nuevas tendencias del derecho chileno de sociedades

Guardat en:
Dades bibliogràfiques
Autor principal: Olavarría Rodríguez, Cristían (autor)
Format: Llibre
Idioma:espanyol
Publicat: Santiago Universidad de Los Andes 2012
Col·lecció:Cuadernos de Extensión Jurídica, 22
Matèries:
Etiquetes: Afegir etiqueta
Sense etiquetes, Sigues el primer a etiquetar aquest registre!

MARC

LEADER 00000cam a2200000 a 4500
001 UCF2406
003 CL-VaPUC
008 120817e20120000CL |||||||||||||||||spa|d
020 |a 9789567160778 
082 0 4 |a 346.8306  |b OLA  |2 21 
100 |a Olavarría Rodríguez, Cristían  |e autor  |9 753827 
245 1 0 |a Sociedades de capital: nuevas tendencias del derecho chileno de sociedades 
300 |a 250 p 
942 |c BK 
945 |d 20120817 00:00:00  |a dcastane 
260 |a Santiago  |b Universidad de Los Andes  |c 2012 
650 0 |a Sociedades  |9 259052 
650 0 |a Derecho comercial   |9 256340 
650 0 |a Capital   |9 263726 
583 |a last modification  |c 20121128 02:27:17  |k Rodrigo Vera 
490 0 |a Cuadernos de Extensión Jurídica, 22 
999 |c 348971  |d 348969 
952 |0 0  |1 0  |4 0  |6 346_830600000000000_OLA_2012  |7 0  |8 A  |9 451329  |a BIBDER  |b BIBDER  |d 2019-11-22  |i 4891406  |l 1  |m 5  |o 346.8306 OLA 2012  |p 4891406  |q 2025-12-31  |r 2020-03-04  |s 2020-03-04  |w 2019-11-22  |y BK  |k DER 
952 |0 0  |1 0  |4 0  |6 346_830600000000000_OLA_2012  |7 0  |8 A  |9 451330  |a BIBGIM  |b BIBGIM  |d 2019-11-22  |i 492827K  |o 346.8306 OLA 2012  |p 492827K  |r 2025-01-15  |w 2019-11-22  |y BK  |k COM